000 nam a22 a 4500
999 _c2572
_d2572
005 20170517113109.0
008 890307|1986 xxu | 000 | eng
020 _a0801637732
040 _aAKMAL
082 _aR 615.11 PAG
090 _aR 615.11
_bPAG
100 _aPagliaro, Louis A
_95366
245 _aDrug reference guide to brand names and active ingredients /
_cLouis A. Pagliaro, Ann M. Pagliaro.
260 _aSt Louis, Mo. :
_bC.V. Mosby
_c1986
300 _a 362p. ;
_c19 cm
650 _a Drugs
_x Trademarks, Dictionaries
_95367
700 1 _aPagliaro, Ann M.
_95368
942 _2ddc
_cBOOK